000 00305nam a22001337a 4500
008 180202b xxu||||| |||| 00| 0 eng d
020 _a9780781733519
041 _aeng
080 _a616.9
100 _a8
101 _aINF
245 _aOrganisms& infectious disease words
_cKumm,R.M
942 _2udc
_cBK
999 _c41587
_d41587